000 00638nam a22001817a 4500
005 20180416150825.0
010 _aENG-122584
020 _a9789381345153
_c595.00
035 _aEN-106116
037 _bDBAD/PUB
082 _a880.992870954
245 _aInfluence of English on Indian women writers:
_ced. by K. Suneetha Rani
_b Voices from regional languages /
260 _aNew Delhi
_bSage Publications
_c2017
270 _aB-1/I-1, Mohan Cooperative Industrial Area, Mathura Road,
_bNew Delhi
_e110044
300 _a188p.
_c21cm.(pbk)
_bill.
700 _d K. Suneetha Rani
942 _2ddc
_cEN
_mINF
_h880.992870954
999 _c151237
_d151237